ბათუმის შოთა რუსთაველის სახელმწიფო უნივერსიტეტის ბიბლიოთეკა

ქეთევან ალასანია : (ბიბ.ჩანაწერი № 36806)

000 -ლიდერი
ფიქსირებული სიგრძის საკონტროლო ველი 01510nam a2200253Ia 4500
001 - საკონტროლო ნომერი
საკონტროლო ველი 2748
003 - საკონტროლო ნომრის იდენტიფიკატორი
საკონტროლო ველი GE_BSU
005 - ბოლო ოპერაციის თარიღი და დრო
საკონტროლო ველი 20190607160543.0
008 - ფიქსირებული სიგრძის მონაცემთა ელემენტები - ზოგადი ინფორმაცია
ფიქსირებული სიგრძის საკონტროლო ველი 181216s2011||||ge |||||||||||||| ||geo||
020 ## - წიგნის საერთაშორისო სტანდარტული ნომერი
International Standard Book Number 978994141289
040 ## - კატალოგიზაციის წყარო
Transcribing agency GE_BSU
041 ## - ენის კოდი
Language code of text/sound track or separate title geo
080 ## - უნივერსალური ათობითი კლასიფიკაციის ინდექსი
Universal Decimal Classification number 378.4(479.223)+821.353.1 ქ–35
245 ## - ცნობა სათაურის შესახებ
Title ქეთევან ალასანია :
Remainder of title ქართველი გეოგრაფი : კრებული /
Statement of responsibility, etc შოთა რუსთაველის სახელმწ. უნ-ტი, გეოგრაფიის დეპარტამენტი, ილია ჭავჭავაძის ბიბ-კა ; რედ. მერაბ მეგრელიშვილი.
264 ## - წარმოების, გამოცემის, დისტრიბუციის და სხვა ცნობები
გამოცემის, წარმოების, დისტრიბუციის... ადგილი ბათუმი :
გამოცემის, წარმოების, დისტრიბუციის... სახელწოდება შოთა რუსთაველის სახელმწ. უნ-ტის გამ-ბა,
გამოცემის, წარმოების, დისტრიბუციის... თარიღი 2011.
300 ## - ფიზიკური აღწერა
Extent 38 გვ.:
Other physical details ფოტ. ;
Dimensions 20 სმ.
600 ## - SUBJECT ADDED ENTRY--PERSONAL NAME
Personal name ალასანია ქეთევან
9 (RLIN) 2273
653 ## - INDEX TERM--UNCONTROLLED
Uncontrolled term ქართველი გეოგრაფები
653 ## - INDEX TERM--UNCONTROLLED
Uncontrolled term ქართველი პედაგოგები
700 ## - ADDED ENTRY--PERSONAL NAME
Personal name მეგრელიშვილი, მერაბ
Relator term რედაქტორი
9 (RLIN) 1818
710 ## - ADDED ENTRY--CORPORATE NAME
Corporate name or jurisdiction name as entry element ბათუმის სახელმწ. უნ-ტი.
Subordinate unit გეოგრაფიის დეპარტამენტი; ილია ჭავჭავაძის ბიბ-კა
9 (RLIN) 2274
942 ## - ADDED ENTRY ELEMENTS (KOHA)
Koha item type წიგნი
Source of classification or shelving scheme
ეგზემპლარები
ჩამოწერის სტატუსი დაკარგული ეგზემპლარის სტატუსი კლასიფიკაციის წყარო ან თაროზე გაწყობის სქემა დაზიანების სტატუსი არ გაიცემა მუდმივი მდებარეობა (დაცვის ადგილი) ამჟამინდელი ადგილსამყოფელი თაროზე განთავსების ადგილი შეძენის თარიღი ღირებულება, შესყიდვის ნორმალური ფასი სრული შენახვის შიფრი შტრიხკოდი ბოლო ოპერაციის თარიღი ეგზემპლარის მიმდევრობითი ნომერი (კეტერი?) ფასის ძალაში შესვლის თარიღი ეგზემპლარის სახეობა საჯარო შენიშვნა
          ბათუმის შოთა რუსთაველის სახელმწიფო უნივერსიტეტის მთავარი ბიბლიოთეკა ბათუმის შოთა რუსთაველის სახელმწიფო უნივერსიტეტის მთავარი ბიბლიოთეკა წიგნსაცავი 2018-12-17 1.80 378.4(479.223)+821.353.1 ქ–35 4683 2018-12-17 4683 2018-12-17 წიგნი 1 ლ. 80 თ.
          ბათუმის შოთა რუსთაველის სახელმწიფო უნივერსიტეტის მთავარი ბიბლიოთეკა ბათუმის შოთა რუსთაველის სახელმწიფო უნივერსიტეტის მთავარი ბიბლიოთეკა წიგნსაცავი 2018-12-17 1.80 378.4(479.223)+821.353.1 ქ–35 4684 2018-12-17 4684 2018-12-17 წიგნი 1 ლ. 80 თ.
          ბათუმის შოთა რუსთაველის სახელმწიფო უნივერსიტეტის მთავარი ბიბლიოთეკა ბათუმის შოთა რუსთაველის სახელმწიფო უნივერსიტეტის მთავარი ბიბლიოთეკა წიგნსაცავი 2018-12-17 1.80 378.4(479.223)+821.353.1 ქ–35 4685 2018-12-17 4685 2018-12-17 წიგნი 1 ლ. 80 თ.
          ბათუმის შოთა რუსთაველის სახელმწიფო უნივერსიტეტის მთავარი ბიბლიოთეკა ბათუმის შოთა რუსთაველის სახელმწიფო უნივერსიტეტის მთავარი ბიბლიოთეკა წიგნსაცავი 2018-12-17 1.80 378.4(479.223)+821.353.1 ქ–35 4686 2018-12-17 4686 2018-12-17 წიგნი 1 ლ. 80 თ.
          ბათუმის შოთა რუსთაველის სახელმწიფო უნივერსიტეტის მთავარი ბიბლიოთეკა ბათუმის შოთა რუსთაველის სახელმწიფო უნივერსიტეტის მთავარი ბიბლიოთეკა წიგნსაცავი 2018-12-17 1.00 378.4(479.223)+821.353.1 ქ–35 4687 2018-12-17 4687 2018-12-17 წიგნი 1 ლ. 80 თ.